Vzory testov na prijímacie skúšky z angličtiny a nemčiny [2000/2001]

Salvato in:
Dettagli Bibliografici
Ente Autore: Ekonomická univerzita v Bratislave
Natura: Libro
Lingua:inglese
tedesco
Pubblicazione: Bratislava Vydavateľstvo EKONÓM [2000]
Soggetti:
Tags: Aggiungi Tag
Nessun Tag, puoi essere il primo ad aggiungerne!!

MARC

LEADER 00000nam a2200000 4500
001 c124028
005 20221108092755.5
020 |a 80-225-1364-4 
041 0 |a eng 
041 0 |a ger 
044 |a SK 
245 1 0 |a Vzory testov na prijímacie skúšky z angličtiny a nemčiny [2000/2001] 
264 1 |a Bratislava  |b Vydavateľstvo EKONÓM  |c [2000] 
300 |a 72 s. 
610 2 0 |a jazykoveda 
610 2 0 |a terminológia 
610 2 0 |a jazyky cudzie 
610 2 0 |a testy 
610 2 0 |a skúšky prijímacie 
610 2 0 |a Ekonomická univerzita v Bratislave 
610 2 0 |a 2000-2001 
110 2 |a Ekonomická univerzita v Bratislave